Sunderland players (2000-2010) - Statistics

General Stats
  • This quiz has been taken 4 times
  • The average score is 56 of 146
Answer Stats
Rank Player Positions Nationality Matches Goals (assists) Period % Correct
29 Andy Reid LM 66 4 (11) 2007-2010
100%
30 Chris Brown ST 66 9 (3) 2004-2007
100%
25 Craig Gordon GK 71 0 (0) 2007-2010
100%
134 Daniel Smith LB 3 0 (0) 2005-2006
100%
1 Dean Whitehead CM 185 13 (17) 2004-2009
100%
3 Julio Arca CM 157 17 (11) 2000-2006
100%
13 Kenwyne Jones ST 94 26 (15) 2007-2010
100%
10 Kevin Phillips ST 103 31 (3) 2000-2003
100%
22 Kieran Richardson LB 78 8 (5) 2007-2010
100%
34 Mart Poom GK 58 1 (0) 2002-2005
100%
5 Nyron Nosworthy CB 114 0 (2) 2005-2010
100%
28 Steed Malbranque CM 67 1 (13) 2008-2010
100%
94 Stern John ST 16 5 (2) 2006-2008
100%
56 Tommy Smith ST 35 4 (0) 2003-2004
100%
124 Alan Quinn CM 6 0 (0) 2003-2004
67%
79 Andy Gray ST 21 1 (1) 2005-2006
67%
53 Anthony Stokes ST 36 3 (1) 2006-2009
67%
87 Ben Alnwick GK 19 0 (0) 2004-2007
67%
41 Carlos Edwards RB 50 5 (7) 2006-2009
67%
84 Colin Healy CM 20 0 (0) 2003-2004
67%
4 Danny Collins CB 148 3 (5) 2004-2010
67%
76 Danny Higginbotham CB 22 3 (0) 2007-2009
67%
50 Darren Bent ST 38 24 (4) 2009-2010
67%
100 David Healy ST 13 1 (1) 2008-2010
67%
54 Djibril Cissé ST 35 10 (2) 2008-2009
67%
32 Dwight Yorke ST 59 6 (0) 2006-2009
67%
45 Émerson Thome CB 44 2 (0) 2000-2003
67%
2 George McCartney LB 175 0 (6) 2000-2006, 2008-2010
67%
7 Grant Leadbitter CM 110 11 (10) 2005-2010
67%
55 Jon Stead ST 35 2 (0) 2005-2007
67%
57 Jordan Henderson DM 34 1 (5) 2008-2010
67%
77 Jürgen Macho GK 22 0 (0) 2000-2003
67%
61 Kelvin Davis GK 33 0 (0) 2005-2006
67%
14 Kevin Kilbane LM 93 7 (3) 2000-2004
67%
78 Lee Cattermole DM 22 0 (3) 2009-2010
67%
24 Liam Lawrence AM 73 10 (9) 2004-2007
67%
12 Marcus Stewart ST 102 31 (6) 2002-2005
67%
9 Michael Gray LB 104 2 (3) 2000-2004
67%
51 Michael Proctor ST 38 3 (0) 2002-2004
67%
89 Neill Collins CB 19 1 (0) 2004-2007
67%
21 Niall Quinn ST 80 13 (1) 2000-2003
67%
101 Pascal Chimbonda RB 13 0 (0) 2008-2009
67%
31 Phil Bardsley RB 65 0 (0) 2007-2010
67%
39 Ross Wallace RM 53 8 (6) 2006-2008
67%
127 Simon Johnson ST 5 0 (0) 2004-2005
67%
46 Stanislav Varga CB 41 2 (1) 2000-2002, 2006-2007
67%
23 Steven Caldwell CB 76 4 (3) 2004-2007
67%
52 Thomas Myhre GK 37 0 (0) 2002-2005
67%
18 Thomas Sörensen GK 89 0 (0) 2000-2003
67%
67 Tore André Flo ST 29 4 (0) 2002-2003
67%
119 Andy Cole ST 7 0 (0) 2007-2008
33%
80 Andy Welsh LM 21 1 (0) 2004-2006
33%
69 Anthony Le Tallec ST 27 4 (0) 2005-2006
33%
37 Anton Ferdinand CB 55 0 (1) 2008-2010
33%
140 Arnau Riera LW 1 0 (1) 2006-2007
33%
112 Ben Clark CB 8 0 (0) 2002-2005
33%
113 Benjani ST 8 0 (0) 2009-2010
33%
83 Boudewijn Zenden LW 20 2 (0) 2009-2010
33%
40 Carl Robinson CM 52 5 (0) 2003-2006
33%
75 Chris Makin LB 23 0 (1) 2000-2001
33%
99 Christian Bassila CB 13 0 (0) 2005-2006
33%
68 Claudio Reyna CM 28 3 (0) 2001-2003
33%
130 Clive Clarke LB 4 0 (0) 2006-2007
33%
96 Danny Simpson RB 14 0 (0) 2006-2007
33%
58 Darren Ward GK 33 0 (0) 2006-2008
33%
11 Darren Williams RB 102 0 (0) 2000-2005
33%
6 Daryl Murphy ST 110 14 (15) 2005-2010
33%
85 David Bellion ST 20 1 (0) 2001-2003
33%
48 David Connolly ST 39 13 (8) 2006-2008
33%
86 Dickson Etuhu DM 20 1 (1) 2007-2008
33%
59 Don Hutchison AM 33 8 (1) 2000-2002
33%
63 Fraizer Campbell ST 31 4 (5) 2009-2010
33%
8 Gary Breen CB 107 7 (1) 2003-2006
33%
98 Graham Kavanagh CM 14 1 (2) 2006-2007
33%
116 Ian Harte LB 8 0 (0) 2007-2008
33%
26 Jeff Whitley DM 68 2 (1) 2003-2005
33%
35 Joachim Björklund CB 57 0 (0) 2001-2004
33%
17 Jody Craddock CB 89 2 (0) 2000-2003
33%
92 John Mensah CB 16 1 (0) 2009-2010
33%
33 John Oster CM 58 5 (1) 2000-2001, 2002-2005
33%
60 Jonny Evans CB 33 1 (0) 2006-2008
33%
71 Justin Hoyte RB 27 1 (0) 2005-2006
33%
105 Kenny Cunningham CB 11 0 (0) 2006-2007
33%
16 Kevin Kyle ST 91 11 (2) 2000-2007
33%
36 Liam Miller CM 57 3 (7) 2006-2009
33%
64 Lorik Cana DM 31 0 (1) 2009-2010
33%
44 Márton Fülöp GK 46 0 (0) 2006-2010
33%
73 Matt Piper RM 24 0 (0) 2002-2005
33%
49 Michael Chopra ST 39 8 (1) 2007-2009
33%
137 Michael Ingham GK 2 0 (0) 2004-2005
33%
74 Paul McShane CB 24 0 (0) 2007-2009
33%
144 Peter Hartley CB 1 0 (0) 2006-2007
33%
125 Rade Prica ST 6 1 (0) 2007-2008
33%
122 Robbie Elliott LB 7 0 (0) 2006-2007
33%
103 Rory Delap CM 12 1 (0) 2005-2007
33%
91 Roy O'Donovan ST 17 0 (0) 2007-2008
33%
47 Stefan Schwarz CM 40 2 (0) 2000-2002
33%
20 Stephen Elliott ST 81 22 (7) 2004-2007
33%
15 Stephen Wright RB 92 2 (1) 2002-2007
33%
146 Steve Bould CB 1 0 (0) 2000-2001
33%
128 Tal Ben Haim CB 5 0 (0) 2008-2009
33%
81 Teemu Tainio DM 21 0 (1) 2008-2009
33%
72 Tobias Hysén ST 26 4 (3) 2006-2007
33%
62 Tommy Miller CM 33 3 (2) 2005-2007
33%
104 Alan Hutton RB 11 0 (1) 2009-2010
0%
108 Alan Stubbs CB 10 1 (0) 2005-2006
0%
82 Alex Rae CM 20 2 (1) 2000-2002
0%
70 Bernt Haas RB 27 0 (0) 2001-2002
0%
129 Brian Deane ST 4 0 (1) 2004-2005
0%
114 Calum Davenport CB 8 0 (1) 2008-2009
0%
133 Chris Black MF 3 0 (0) 2002-2004
0%
141 Craig James LB 1 0 (0) 2003-2004
0%
95 Danny Dichio ST 15 1 (0) 2000-2001
0%
90 Darren Byfield ST 17 5 (0) 2003-2004
0%
109 Darren Carter CM 10 1 (1) 2004-2005
0%
126 Darren Holloway RB 5 0 (0) 2000-2001
0%
110 David Meyler CM 10 0 (0) 2009-2010
0%
97 El-Hadji Diouf ST 14 0 (0) 2008-2009
0%
135 Éric Roy DM 3 0 (0) 2000-2001
0%
19 Gavin McCann CM 81 4 (2) 2000-2003
0%
115 Greg Halford CB 8 0 (0) 2007-2008
0%
142 Jack Colback DM 1 0 (0) 2009-2010
0%
38 Jason McAteer RM 53 5 (1) 2001-2004
0%
143 Jonjo Dickman RM 1 0 (0) 2002-2003
0%
131 Kevin Cooper LM 4 0 (0) 2003-2004
0%
106 Lewin Nyatanga CB 11 0 (0) 2006-2007
0%
102 Lilian Laslandes ST 12 0 (0) 2001-2002
0%
107 Mark Lynch RB 11 0 (0) 2004-2005
0%
120 Martin Woods CM 7 0 (0) 2005-2006
0%
132 Martyn Waghorn ST 4 0 (0) 2007-2009
0%
121 Matthew Kilgallon CB 7 0 (0) 2009-2010
0%
88 Michael Bridges ST 19 1 (3) 2004-2005
0%
138 Michael Reddy ST 2 0 (0) 2000-2001
0%
66 Michael Turner CB 29 1 (1) 2009-2010
0%
117 Patrice Carteron CB 8 1 (0) 2000-2001
0%
111 Patrick Mboma ST 9 1 (0) 2001-2002
0%
136 Paul Butler CB 3 0 (0) 2000-2001
0%
93 Paulo da Silva CB 16 0 (1) 2009-2010
0%
27 Paul Thirlwell DM 67 0 (1) 2000-2004
0%
43 Phil Babb CB 48 0 (0) 2002-2004
0%
139 Richie Ryan DM 2 0 (0) 2002-2003
0%
145 Russell Anderson CB 1 0 (0) 2007-2008
0%
42 Sean Thornton CM 49 9 (4) 2002-2005
0%
123 Stewart Downing LM 7 3 (1) 2003-2004
0%
118 Talal El Karkouri CB 8 0 (0) 2002-2003
0%
65 Thomas Butler RM 30 0 (0) 2000-2004
0%
No matching quizzes found
Score Distribution
Percent of People with Each Score
Percentile by Number Answered
Your Score History
You have not taken this quiz